Interaktív formánsérték-módosító fejlesztése
A cikkben bemutatjuk egy webalapú interaktív formánsértékmódosító program felépítését és használatát. Az alkalmazás kötött szerkezetben várja a kiinduló formánsértékeket, melyeket egy Flash-ben készült program segítségével tudunk kényelmesen módosítani, azaz hozzáigazítani a hangszínképhez. A kiindu...
Elmentve itt :
| Szerzők: | |
|---|---|
| Testületi szerző: | |
| Dokumentumtípus: | Könyv része |
| Megjelent: |
2011
|
| Sorozat: | Magyar Számítógépes Nyelvészeti Konferencia
8 |
| Kulcsszavak: | Nyelvészet - számítógép alkalmazása |
| Online Access: | http://acta.bibl.u-szeged.hu/58812 |
| LEADER | 01485naa a2200217 i 4500 | ||
|---|---|---|---|
| 001 | acta58812 | ||
| 005 | 20260224081030.0 | ||
| 008 | 190624s2011 hu o 100 hun d | ||
| 020 | |a 978-963-306-121-3 | ||
| 040 | |a SZTE Egyetemi Kiadványok Repozitórium |b hun | ||
| 041 | |a hun | ||
| 100 | 1 | |a Abari Kálmán | |
| 245 | 1 | 0 | |a Interaktív formánsérték-módosító fejlesztése |h [elektronikus dokumentum] / |c Abari Kálmán |
| 260 | |c 2011 | ||
| 300 | |a 309-315 | ||
| 490 | 0 | |a Magyar Számítógépes Nyelvészeti Konferencia |v 8 | |
| 520 | 3 | |a A cikkben bemutatjuk egy webalapú interaktív formánsértékmódosító program felépítését és használatát. Az alkalmazás kötött szerkezetben várja a kiinduló formánsértékeket, melyeket egy Flash-ben készült program segítségével tudunk kényelmesen módosítani, azaz hozzáigazítani a hangszínképhez. A kiindulási és módosított értékeket is MySQL adatbázisban tároljuk, melyek fel- és letöltésrl külön funkció gondoskodik. A formánsmódosítás során használt hangszínkép megjelenítéséhez a WAV formátumú hangfájlok feltöltése is szükséges. A fejlesztést a magyar formánsadatbázis készítése és továbbfejlesztése ihlette. | |
| 695 | |a Nyelvészet - számítógép alkalmazása | ||
| 700 | 0 | 1 | |a Olaszy Gábor |e aut |
| 710 | |a Magyar Számítógépes Nyelvészeti Konferencia (8.) (2011) (Szeged) | ||
| 856 | 4 | 0 | |u http://acta.bibl.u-szeged.hu/58812/1/msznykonf_008_309-315.pdf |z Dokumentum-elérés |